Asalto al paraíso: una transmetáfora que reescribe la historia
Salvato in:
| Autore principale: | |
|---|---|
| Natura: | Libro |
| Lingua: | Undetermined |
| Pubblicazione: |
San José, Costa Rica
Universidad de Costa Rica, Sistema de Estudios de Posgrado
1997
|
| Soggetti: | |
| Tags: |
Aggiungi Tag
Nessun Tag, puoi essere il primo ad aggiungerne!!
|
MARC
| LEADER | 00000nam a2200000Ia 4500 | ||
|---|---|---|---|
| 008 | 170316s9999 xx 000 0 und d | ||
| 040 | |a cru BVZT | ||
| 090 | |a TESIS 851 | ||
| 100 | |a Chaverri Fonseca, Amalia | ||
| 245 | |a Asalto al paraíso: una transmetáfora que reescribe la historia | ||
| 260 | |a San José, Costa Rica | ||
| 260 | |b Universidad de Costa Rica, Sistema de Estudios de Posgrado | ||
| 260 | |c 1997 | ||
| 300 | |a 191 páginas | ||
| 650 | |a TRABAJO FINAL DE GRADUACIÓN | ||
| 650 | |a SEP | ||
| 650 | |a MAESTRÍA EN LITERATURA LATINOAMERICANA | ||
| 650 | |a EL EPITEXTO | ||
| 650 | |a EL PERITEXTO | ||
| 650 | |a LOS INTERTITULOS | ||
| 650 | |a POSMODERNIDAD | ||
| 650 | |a ANÁLISIS | ||
| 999 | |c 14520 |d 14520 | ||
| 942 | |c TFG |h TESIS 851 |2 z | ||
